| 000 | 01030nam a22002777a 4500 | ||
|---|---|---|---|
| 001 | 1451 | ||
| 003 | CO-MdFUSB | ||
| 005 | 20180622072712.0 | ||
| 008 | 170308t1956 s ||||| |||| 00| 0 spa d | ||
| 020 | _a84-03-12067-2 | ||
| 040 |
_aCO-MdFUSB _bspa _cCO-MdFUSB _dCO-MdFUSBC _erda |
||
| 041 | 0 | _aspa | |
| 082 | 0 | 4 | _aG 201 L979s |
| 100 | 1 |
_aLöwith, Karl (1897-1973) _eautor |
|
| 245 | 1 | 0 |
_aEl sentido de la historia _b: Implicaciones teológicas de la filosofía de la historia _c/ Karl Löwith ; Justo Fernández Bujan, Traductor |
| 250 | _acuarta edición | ||
| 264 | 4 |
_aMadrid, España : _bAguilar, _c©1956 |
|
| 300 |
_aXV, 255 Páginas. _b |
||
| 336 |
_2rdacontent _a1 _ba1 |
||
| 337 |
_2rdamedia _a2 _b5 |
||
| 338 |
_2rdacarrier _a2 _b5 |
||
| 500 | _aMeaning in history | ||
| 505 | 0 | 0 | _aBurckhardt -- Marx -- Hegel -- progreso contra providencia -- Voltaire -- Vico -- Bossuet -- Joaquín de Fiore -- San Agustín -- Orosio -- el concepto de la historia en la biblia |
| 653 | _aFilosofía de la historia | ||
| 942 | _cBK | ||
| 999 |
_c32771 _d32771 |
||